[Event "fast games for new members"]
[Site "SchemingMind.com"]
[Date "2006.03.29"]
[Round "-"]
[White "CarlJF"]
[Black "plutochess"]
[Result "1-0"]
[WhiteCountry "CAN"]
[BlackCountry "USA"]
[WhiteElo "1935"]
[WhiteRD "133"]
[BlackElo "1361"]
[BlackRD "126"]
[GameID "44517"]

1. e4 c6 2. d4 d5 3. Nc3 dxe4 4. Nxe4 e6 5. Nf3 Nf6 6. Nxf6+ Qxf6 7. Bg5 Qf5 8. Bd3 Qa5+ 9. Bd2 Qb6 10. Rb1 Be7
11. O-O O-O 12. c3 Nd7 13. Qc2 Nf6 14. Bg5 c5 15. Bxf6 Bxf6 16. Bxh7+ Kh8 17. Bd3 Qc6 18. Qe2 g6 19. Ne5 Qd6 20. Ng4 Bg7
21. Qf3 cxd4 22. Qh3+ Kg8 23. cxd4 e5 24. dxe5 Bxg4 25. exd6 Bxh3 26. gxh3 Rfd8 27. Be4 Rxd6 28. Bxb7 Rb8 29. Bf3 Rxb2 30. Rxb2 Bxb2
31. Kg2 Ra6 32. Bd5 Ra5 33. Rd1 Kg7 34. Bb3 Rg5+ 35. Kf1 a5 36. Rd7 Rf5 37. Be6 Rf4 38. Kg2 Bd4 39. f3 Ba1 40. Bd5 Rf5
41. Be6 Rf6 42. Bb3 Kf8 43. Ra7 Bc3 44. Kg3 Kg7 45. Kg4 Be5 46. Rxa5 Bxh2 47. h4 Bc7 48. Ra4 Rd6= 49. Ra7 Rd7= 50. a4 f5+
51. Kh3 Kf6 52. a5 Ke7 53. Ba4 Rd4 54. Rxc7+ Kd8 55. Rd7+ Rxd7 56. Bxd7 Kxd7 57. Kg3 Kc6 58. Kf4 Kb5 59. Kg5 Kxa5 60. Kxg6
1-0

[Event "fast games for new members"]
[Site "SchemingMind.com"]
[Date "2006.03.29"]
[Round "-"]
[White "CarlJF"]
[Black "nerdy_nadz"]
[Result "1-0"]
[WhiteCountry "CAN"]
[BlackCountry "PHI"]
[WhiteElo "1935"]
[WhiteRD "133"]
[BlackElo "1564"]
[BlackRD "115"]
[GameID "44518"]

1. e4 c5 2. Nc3 e6 3. g3 Nc6 4. Bg2 g6 5. d3 Bg7 6. Be3 Nge7 7. Qd2 Nd4 8. Nf3 O-O 9. Ne2 Nxf3+ 10. Bxf3 Bxb2
11. Rb1 Bh8 12. Bxc5 d6 13. Bd4 e5 14. Be3 Qc7 15. Qc3 Qb8 16. Bh6 Re8 17. O-O Be6 18. Rb2 b6 19. a4 Rc8 20. Qd2 Nc6
21. Qg5 Qc7 22. Bg4 Qd7 23. Bxe6 Qxe6 24. f3 Rc7 25. Nc3 Nd4 26. Nd5 Rd7 27. c3
1-0

[Event "fast games for new members"]
[Site "SchemingMind.com"]
[Date "2006.03.29"]
[Round "-"]
[White "CarlJF"]
[Black "Netferatu"]
[Result "0-1"]
[WhiteCountry "CAN"]
[BlackCountry "ARG"]
[WhiteElo "1918"]
[WhiteRD "132"]
[BlackElo "2186"]
[BlackRD "127"]
[GameID "44519"]

1. e4 e6 2. d3 d5 3. Nd2 c5 4. g3 e5 5. Ngf3 Bg4 6. Be2 Nc6 7. Nxe5 Bxe2 8. Qxe2 Nxe5 9. Nf3 Nxf3+ 10. Qxf3 Qf6
11. Qxf6 Nxf6 12. Bg5 Be7 13. O-O-O d4 14. Bxf6 Bxf6 15. e5 Bd8 16. Rhe1 Kd7 17. Re4 Re8 18. Rde1 Ba5 19. R1e2 Re7 20. Rg4 g6
21. Rge4 h5 22. f4 b5 23. h3 Ke6 24. Rg2 Kd5 25. Rf2 c4 26. Kb1 c3 27. b3 b4 28. Rg2 Bc7 29. Rf2 Rg8 30. h4 Re6
31. Rfe2 a5 32. Kc1 a4 33. Kd1 axb3 34. axb3 Ra8 35. Ke1 Ra1+ 36. Kf2 Rc1 37. Kf3 Ra6 38. Rg2 Ra2 39. Ree2 Rf1+ 40. Rgf2 Raa1
41. Rxf1 Rxf1+ 42. Kg2 Rd1 43. Kf3 Ke6 44. Re4 Bb6 45. Re2= Kf5 46. Rg2 Rd2 47. Re2 Rxe2 48. Kxe2 Kg4 49. Kf2 Bd8 50. Kg2 Be7
51. Kf2 Bxh4 52. gxh4 Kxf4
0-1

[Event "fast games for new members"]
[Site "SchemingMind.com"]
[Date "2006.03.29"]
[Round "-"]
[White "CarlJF"]
[Black "Katrina#1"]
[Result "1-0"]
[WhiteCountry "CAN"]
[BlackCountry "AUS"]
[WhiteElo "1766"]
[WhiteRD "176"]
[BlackElo "1163"]
[BlackRD "148"]
[GameID "44520"]

1. e4 e5 2. Nf3 Nc6 3. Bb5 a6 4. Ba4 Nf6 5. O-O Bc5 6. c3 d6 7. d4 exd4 8. cxd4 Bb6 9. Nc3 Bd7 10. e5 dxe5
11. dxe5 Ng4 12. Bg5 f6 13. exf6 Nxf6 14. Qe2+ Ne7 15. Rad1 c6 16. Ne5 O-O 17. Nxd7 Rf7 18. Nxf6+ gxf6 19. Rxd8+ Rxd8 20. Bxf6 Re8
21. Bb3 Kf8 22. Bxf7 Bc5 23. Bxe8 Kxe8 24. Bxe7
1-0

[Event "fast games for new members"]
[Site "SchemingMind.com"]
[Date "2006.03.29"]
[Round "-"]
[White "CarlJF"]
[Black "Mitchell-in"]
[Result "1-0"]
[WhiteCountry "CAN"]
[BlackCountry "ENG"]
[WhiteElo "1766"]
[WhiteRD "176"]
[BlackElo "1540"]
[BlackRD "116"]
[GameID "44521"]

1. e4 e6 2. d3 d5 3. Nd2 c5 4. Ngf3 Nc6 5. g3 Nf6 6. Qe2 Be7 7. Bg2 O-O 8. O-O b6 9. e5 Nd7 10. h4 Qc7
11. Re1 Ba6 12. h5 h6 13. Nf1 c4 14. d4 Qb7 15. c3 b5 16. Nh4 Bxh4 17. gxh4 b4 18. Qg4 Kh8 19. Re3 bxc3 20. bxc3 Rae8
21. Rg3 Rg8 22. Ba3 g5 23. hxg6 Rxg6 24. Qf4
1-0

[Event "fast games for new members"]
[Site "SchemingMind.com"]
[Date "2006.03.30"]
[Round "-"]
[White "MatdeInverses"]
[Black "CarlJF"]
[Result "1/2-1/2"]
[WhiteCountry "USA"]
[BlackCountry "CAN"]
[WhiteElo "1978"]
[WhiteRD "46"]
[BlackElo "1935"]
[BlackRD "133"]
[GameID "44522"]

1. c4 f5 2. g3 e6 3. Bg2 Nf6 4. Nc3 d6 5. d4 Be7 6. Nf3 O-O 7. O-O Qe8 8. Qc2 Nbd7 9. d5 e5 10. Nh4 Nb6
11. Nxf5 Bxf5 12. Qxf5 Nxc4 13. Qe6+ Qf7 14. Qxf7+ Rxf7 15. Bh3 Rff8 16. Be6+ Kh8 17. Nb5 Bd8 18. Rd1 a6 19. Nc3 Nb6 20. e4 Nfd7
21. Be3 Nc5 22. Bxc5 dxc5 23. Rac1 Bg5 24. Rc2 Rad8 25. Ne2 c4 26. b3 cxb3 27. axb3 Rf6 28. Bg4 c6 29. f4 exf4 30. Nd4 fxg3
31. Ne6 Be3+ 32. Kg2 Re8 33. hxg3 cxd5 34. exd5 Rf7 35. Bh5 g6 36. Bg4 Nd7 37. d6 Ne5 38. Bh3 Bb6 39. Ng5 Rf6 40. d7 Rg8
41. Rc8 Bd8 42. Ne6 Nc6 43. Rd6 Be7 44. Rcxc6 bxc6 45. d8=Q Bxd8 46. Rxd8 Rxd8 47. Nxd8 Kg7 48. Ne6+ Kf7 49. Nc5 Ke7 50. Nxa6 Kd6
51. Nb4 c5 52. Nd3= Kd5 53. Bg4 Kd4 54. Nf4 Ke5 55. Be2 Rxf4 56. gxf4+ Kxf4 57. Kh3 Ke3 58. Bc4 Kf4 59. Kg2 g5 60. Bf7 g4
61. Kf2 Kg5 62. Kg3 h5 63. Bd5 h4+ 64. Kf2 Kf4 65. Kg2 Ke5=
1/2-1/2

[Event "fast games for new members"]
[Site "SchemingMind.com"]
[Date "2006.03.30"]
[Round "-"]
[White "plutochess"]
[Black "CarlJF"]
[Result "0-1"]
[WhiteCountry "USA"]
[BlackCountry "CAN"]
[WhiteElo "1370"]
[WhiteRD "125"]
[BlackElo "1766"]
[BlackRD "176"]
[GameID "44523"]

1. d4 f5 2. g3 e6 3. Bg2 Nf6 4. Nf3 d5 5. O-O c6 6. Bg5 Be7 7. Ne5 Nbd7 8. f4 h6 9. Ng6 Rg8 10. Bh4 Nf8
11. Nxe7 Qxe7 12. e3 g5 13. fxg5 hxg5 14. Bxg5 Rxg5 15. Nd2 Bd7 16. Qe1 O-O-O 17. h4 Rg8 18. Nf3 Ne4 19. Ne5 Nxg3 20. Rf3 Qxh4
21. Rc1 Nh7 22. Nf7 Rdf8 23. Nd6+ Kc7 24. Qb4 Ne2+ 25. Kf1 Nxc1 26. c4 Rxg2 27. Kxg2 Rg8+ 28. Kf1 Qh1+ 29. Kf2 Rg2#
0-1

[Event "fast games for new members"]
[Site "SchemingMind.com"]
[Date "2006.03.30"]
[Round "-"]
[White "nerdy_nadz"]
[Black "CarlJF"]
[Result "0-1"]
[WhiteCountry "PHI"]
[BlackCountry "CAN"]
[WhiteElo "1564"]
[WhiteRD "115"]
[BlackElo "1935"]
[BlackRD "133"]
[GameID "44524"]

1. d4 f5 2. g3 e6 3. Bg2 Nf6 4. Nf3 d5 5. O-O c6 6. b3 Bd6 7. Ba3 Bxa3 8. Nxa3 O-O 9. c4 Ne4 10. Ne5 Nd7
11. Nd3 Qf6 12. Nc2 g5 13. f3 Nd6 14. c5 Nb5 15. e3 e5 16. a4 Nc7 17. dxe5 Nxe5 18. e4 f4 19. Nxe5 Qxe5 20. Qd4 Qxd4+
21. Nxd4 fxg3 22. hxg3 Ne6 23. Nxe6 Bxe6 24. e5 d4 25. b4 d3 26. Rfd1 Rad8
0-1

[Event "fast games for new members"]
[Site "SchemingMind.com"]
[Date "2006.04.02"]
[Round "-"]
[White "Netferatu"]
[Black "CarlJF"]
[Result "1-0"]
[WhiteCountry "ARG"]
[BlackCountry "CAN"]
[WhiteElo "2205"]
[WhiteRD "136"]
[BlackElo "1935"]
[BlackRD "133"]
[GameID "44525"]

1. d4 f5 2. Nf3 e6 3. Nc3 d5 4. Bf4 Nf6 5. e3 Be7 6. Nb5 c6 7. Nc7+ Kf8 8. Nxa8 Bd7 9. Nc7 Ne4 10. Ne5 Nd6
11. Qh5 Kg8 12. Nxd7 Nxd7 13. Bxd6 Nf6 14. Bxe7 Qxe7 15. Nxd5 cxd5 16. Qe2 Kf7 17. c3 Rc8 18. Qf3 Ne4 19. Bd3 Kg8 20. Bxe4 fxe4
21. Qg3 h6 22. O-O Rf8 23. f3 exf3 24. Rxf3 Rxf3 25. Qxf3 b5 26. e4 Qg5 27. exd5 exd5 28. Re1 a6 29. Re8+ Kh7 30. Qd3+ g6
31. Qf1
1-0

[Event "fast games for new members"]
[Site "SchemingMind.com"]
[Date "2006.03.31"]
[Round "-"]
[White "Katrina#1"]
[Black "CarlJF"]
[Result "0-1"]
[WhiteCountry "AUS"]
[BlackCountry "CAN"]
[WhiteElo "1163"]
[WhiteRD "148"]
[BlackElo "1766"]
[BlackRD "176"]
[GameID "44526"]

1. e4 c5 2. Nf3 e6 3. Bc4 d6 4. O-O Nc6 5. d3 Be7 6. Be3 Nf6 7. Nc3 O-O 8. Qd2 a6 9. Rfe1 b5 10. Bb3 Na5
11. e5 dxe5 12. Nxe5 Nxb3 13. axb3 Bb7 14. f3 Nd5 15. Nxd5 Qxd5 16. Bf4 f6 17. Ng4 e5 18. Kh1 Rfd8 19. c4 Qxd3 20. Qxd3 Rxd3
21. Ra5 exf4 22. Rxe7 Rd1+
0-1

[Event "fast games for new members"]
[Site "SchemingMind.com"]
[Date "2006.03.29"]
[Round "-"]
[White "Mitchell-in"]
[Black "CarlJF"]
[Result "0-1"]
[WhiteCountry "ENG"]
[BlackCountry "CAN"]
[WhiteElo "1667"]
[WhiteRD "94"]
[BlackElo "1935"]
[BlackRD "133"]
[GameID "44527"]

1. e4 c5 2. Nc3 e6 3. Nf3 d5 4. exd5 exd5 5. d4 Nf6 6. Bb5+ Nc6 7. Bg5 Be7 8. O-O O-O 9. dxc5 Bxc5 10. Bxf6 Qxf6
11. Qxd5 Bb6 12. Bxc6 bxc6 13. Qe5 Qg6 14. Qe4 Bf5 15. Ne5 Bxe4 16. Nxg6 Bxg6 17. Rac1 Bd4 18. Rfd1 Bxc3 19. bxc3 Rad8 20. Rd4 Rxd4
21. cxd4 f6 22. c4 Rd8 23. Rd1 Bf7 24. d5 cxd5 25. cxd5 Bxd5 26. f3 Kf7 27. Kf2 h5 28. g3 g5 29. Ke3 Re8+ 30. Kf2 Bxa2
31. Ra1 Bc4 32. Rxa7+ Kg6 33. Ra3 Re2+ 34. Kg1 Be6 35. Rc3 Bh3 36. Ra3 Re1+ 37. Kf2 Rh1 38. f4 Rxh2+ 39. Kg1 Re2 40. fxg5 Kxg5
41. Ra5+ Kg4 42. Ra3 Bg2
0-1